| 000 | 01692nam a2200361 a 4500 | ||
|---|---|---|---|
| 001 | ebr10351521 | ||
| 003 | CaPaEBR | ||
| 006 | m u | ||
| 007 | cr cn||||||||| | ||
| 008 | 050413s2005 ncua sb s001 0 eng | ||
| 010 | _z 2005010248 | ||
| 020 | _z0807829692 (cloth : alk. paper) | ||
| 040 |
_aCaPaEBR _cCaPaEBR |
||
| 035 | _a(OCoLC)550640927 | ||
| 043 | _an-us--- | ||
| 050 | 1 | 4 |
_aE468.9 _b.T38 2005eb |
| 082 | 0 | 4 |
_a973.7/1 _222 |
| 100 | 1 | _aTaylor, Amy Murrell. | |
| 245 | 1 | 4 |
_aThe divided family in Civil War America _h[electronic resource] / _cAmy Murrell Taylor. |
| 260 |
_aChapel Hill : _bUniversity of North Carolina Press, _cc2005. |
||
| 300 |
_axiv, 319 p. : _bill. |
||
| 490 | 1 | _aCivil War America | |
| 504 | _aIncludes bibliographical references (p. [279]-307) and index. | ||
| 505 | 0 | _aUnion father, rebel son -- Marriage and courtship -- Brothers and sisters -- Border crossing and the treason of family ties -- Border dramas and the divided family in the popular imagination -- Reconciliations lived and imagined -- Reconciliation and emancipation. | |
| 533 |
_aElectronic reproduction. _bPalo Alto, Calif. : _cebrary, _d2013. _nAvailable via World Wide Web. _nAccess may be limited to ebrary affiliated libraries. |
||
| 650 | 0 |
_aFamilies _zUnited States _xHistory _y19th century. |
|
| 651 | 0 |
_aUnited States _xHistory _yCivil War, 1861-1865 _xSocial aspects. |
|
| 651 | 0 |
_aUnited States _xSocial conditions _yTo 1865. |
|
| 655 | 7 |
_aElectronic books. _2local |
|
| 710 | 2 | _aebrary, Inc. | |
| 830 | 0 | _aCivil War America. | |
| 856 | 4 | 0 |
_uhttp://site.ebrary.com/lib/rucke/Doc?id=10351521 _zAn electronic book accessible through the World Wide Web; click to view |
| 999 |
_c45910 _d45910 |
||